[Event "Challenge"]
[Site "http://www.queenalice.com/game.php?id=670397"]
[Date "2009.10.21"]
[Round "-"]
[White "blackwolf"]
[Black "Canuck"]
[Result "1-0"]
[WhiteElo "1818"]
[BlackElo "1703"]

1. d4 Nf6 2. c4 g6 3. Nc3 d5 4. Nf3 Bg7 5. e3 O-O 6. Be2 e6 7. c5 c6 8. O-O b6
9. b4 a5 10. Qb3 Re8 11. Bd2 bxc5 12. bxc5 Nfd7 13. a4 Na6 14. Na2 e5 15. Bc3 e4
16. Nd2 f5 17. Qb2 Qc7 18. Nb3 Nb4 19. Nxb4 axb4 20. Bxb4 Ba6 21. Ba5 Qc8 22.
Bxa6 Rxa6 23. Bb6 Nxb6 24. cxb6 Rxb6 25. Qc2 Bh6 26. Nc5 Re7 27. a5 Rb8 28. a6
Ra7 29. Rfb1 Rxb1+ 30. Qxb1 Bf8 31. Nb7 c5 32. Qb6 Qb8 33. dxc5 Qe5 34. Qb1 Qc3
35. g3 Bxc5 36. Nxc5 Qxc5 37. Qb8+ Kg7 38. Qe5+ Kf7 39. Qd4 Qxd4 40. exd4 Ke6
41. Kg2 Kd6 42. Kh3 Kc6 43. Kh4 h6 44. g4 fxg4 45. Kxg4 Kb6 46. Rb1+ Kxa6 47.
Ra1+ Kb6 48. Rxa7 Kxa7 49. Kf4 Kb7 50. Ke5 Kc7 51. Kxd5 Kd7 52. Kxe4 Ke6 53. f4
Kd6 54. d5 Kd7 55. Ke5 Ke7 56. h4 Kd7 57. Kf6 1-0

[Event "Challenge"]
[Site "http://www.queenalice.com/game.php?id=691577"]
[Date "2009.12.2"]
[Round "-"]
[White "Canuck"]
[Black "MarcD"]
[Result "0-1"]
[WhiteElo "1702"]
[BlackElo "2179"]

1. d4 d5 2. c4 Nf6 3. Nf3 Bf5 4. Nc3 c6 5. Bg5 e6 6. e3 Be7 7. cxd5 exd5 8. Bd3
Bg6 9. Bxg6 hxg6 10. O-O Nbd7 11. Rc1 Nh5 12. Bxe7 Qxe7 13. a3 Nhf6 14. b4 a6
15. Na4 Ne4 16. Nd2 O-O 17. Re1 Rfe8 18. Nxe4 Qxe4 19. Nc5 Nxc5 20. Rxc5 f5 21.
Rc1 Re7 22. a4 Rae8 23. f3 Qe6 24. Rc3 Qd6 25. Qb1 f4 26. Kf2 Qf6 27. g3 g5 28.
Qc1 fxe3+ 29. Rexe3 Qxd4 30. Rd3 Qxb4 31. Rxe7 Qxe7 32. h3 Qe2+ 0-1

[Event "Challenge"]
[Site "http://www.queenalice.com/game.php?id=691578"]
[Date "2009.12.2"]
[Round "-"]
[White "MarcD"]
[Black "Canuck"]
[Result "1-0"]
[WhiteElo "2180"]
[BlackElo "1702"]

1. d4 Nf6 2. Nf3 c5 3. d5 d6 4. Bf4 b5 5. e3 e6 6. Bxb5+ Bd7 7. Bxd7+ Qxd7 8.
dxe6 fxe6 9. O-O Nc6 10. c3 Be7 11. Nbd2 O-O 12. Qc2 a5 13. h3 d5 14. Rfd1 Nh5
15. Bh2 Bd6 16. Bxd6 Qxd6 17. Rac1 a4 18. Nc4 Qd8 19. Qe2 Nf6 20. Nce5 Nxe5 21.
Nxe5 Ne4 22. Nf3 Ng5 23. Nxg5 Qxg5 24. c4 Rf5 25. cxd5 Rxd5 26. Rxd5 Qxd5 27.
Qc4 Qe5 28. Qxc5 Qxb2 29. Qc6 Kf7 30. Rd1 Qb8 31. Rd7+ Kf6 32. Qf3+ Kg6 33. Qg4+
Kf6 34. Qxg7+ Kf5 35. Qxh7+ Ke5 36. f4+ 1-0

[Event "Challenge"]
[Site "http://www.queenalice.com/game.php?id=721173"]
[Date "2010.1.27"]
[Round "-"]
[White "pavol1090321"]
[Black "Canuck"]
[Result "0-1"]
[WhiteElo "1676"]
[BlackElo "1702"]

1. e4 d6 2. Nc3 g6 3. b3 Bg7 4. Bb2 c6 5. Qf3 Nd7 6. O-O-O b5 7. b4 Ngf6 8. h4
Nb6 9. e5 Nfd5 10. exd6 Qxd6 11. Nxd5 Bxb2+ 12. Kxb2 Nxd5 13. Qb3 Nxb4 14. Bc4
bxc4 15. Qxc4 Ba6 16. Qd4 Qxd4+ 0-1

[Event "AUTO-OPEN-1875"]
[Site "http://www.queenalice.com/game.php?id=729552"]
[Date "2010.2.10"]
[Round "1"]
[White "Canuck"]
[Black "chessman"]
[Result "0-1"]
[WhiteElo "1731"]
[BlackElo "2046"]

1. d4 d5 2. c4 c6 3. g3 Nf6 4. Bg2 g6 5. cxd5 cxd5 6. Nf3 Bg7 7. Nc3 O-O 8. O-O
e6 9. Bd2 Nc6 10. Rc1 Bd7 11. Re1 Qb6 12. Na4 Qd8 13. b4 a6 14. a3 Ne4 15. e3
Re8 16. h4 Rc8 17. Nc5 Nxc5 18. bxc5 b6 19. a4 Bf8 20. cxb6 Qxb6 21. Rb1 Qa7 22.
a5 Rb8 23. Bc3 Rxb1 24. Qxb1 Rb8 25. Qa1 Bb4 26. Bxb4 Rxb4 27. Nd2 Qb7 28. Bf1
Na7 29. Rb1 Rxb1 30. Qxb1 Qxb1 31. Nxb1 Nc6 32. Bxa6 Nxa5 33. Nc3 Kf8 34. f3 Bc6
35. Kf2 Ke7 36. g4 Kd6 37. f4 Kc7 38. Nb5+ Kb6 39. Nd6 Kxa6 40. Nxf7 Kb6 41. Ne5
Nc4 42. Ke2 Nd6 43. Kd3 Bb5+ 44. Kc3 Ne4+ 45. Kb4 Nf6 46. h5 gxh5 47. gxh5 Nxh5
48. Nf7 Ng3 49. Kc3 Nf1 50. Nh6 Nxe3 51. Kd2 Nf5 52. Kc3 Nxh6 0-1

[Event "AUTO-OPEN-1875"]
[Site "http://www.queenalice.com/game.php?id=729553"]
[Date "2010.2.10"]
[Round "1"]
[White "chessman"]
[Black "Canuck"]
[Result "1-0"]
[WhiteElo "2023"]
[BlackElo "1735"]

1. e4 c5 2. Nf3 e6 3. d4 cxd4 4. Nxd4 Nc6 5. Nc3 a6 6. Be2 Nge7 7. O-O Ng6 8.
Be3 Qc7 9. f3 Bd6 10. h3 O-O 11. Kh1 f5 12. Ndb5 axb5 13. Nxb5 Qb8 14. Nxd6 f4
15. Bc5 b6 16. Nxc8 bxc5 17. Nd6 Qxb2 18. Bc4 Nge5 19. Rb1 Qc3 20. Rb3 Qa5 21.
Rb7 Nd8 22. Rb5 Qc7 23. Rb2 Ndf7 24. Nb5 Qd8 25. Be2 Nc6 26. Nd6 Qf6 27. Nc4
Nfe5 28. Nxe5 Qxe5 29. Rb7 d6 30. Qb1 Na5 31. Rb6 d5 32. Qb5 dxe4 33. fxe4 Qxe4
34. Bf3 Qxc2 35. Bxa8 Rxa8 36. Rb8+ Rxb8 37. Qxb8+ Kf7 38. Qa7+ Kg6 39. Qxa5 e5
40. Qe1 Qb2 41. a4 c4 42. Qb1+ 1-0

[Event "AUTO-OPEN-1875"]
[Site "http://www.queenalice.com/game.php?id=729554"]
[Date "2010.2.10"]
[Round "1"]
[White "Canuck"]
[Black "krzysieks"]
[Result "0-1"]
[WhiteElo "1726"]
[BlackElo "2042"]

1. d4 Nf6 2. c4 g6 3. g3 Bg7 4. Bg2 d5 5. Nf3 O-O 6. cxd5 Nxd5 7. Nc3 Nb6 8. O-O
Na6 9. e3 c5 10. Nb5 Bd7 11. Qe2 Bc6 12. dxc5 Nxc5 13. Nh4 Bxg2 14. Nxg2 a6 15.
Rd1 Qc8 16. Nd4 e5 17. Nf3 Rd8 18. Rb1 Qf5 19. Bd2 e4 20. Nfh4 Qf6 21. Ne1 Nd5
22. b4 Ne6 23. f3 exf3 24. Nhxf3 Nc3 25. Bxc3 Qxc3 26. Nd3 Qc7 27. a3 Qe7 28. e4
Rac8 29. e5 Nd4 30. Nxd4 Rxd4 31. Rbc1 Rcd8 32. Kf2 Qg5 33. h4 Qe7 34. Rc5 f5
35. Qc2 f4 36. Rc8 fxg3+ 37. Kf3 Qxh4 38. Rxd8+ Rxd8 39. e6 Rf8+ 40. Kg2 Qh2#
0-1

[Event "AUTO-OPEN-1875"]
[Site "http://www.queenalice.com/game.php?id=729555"]
[Date "2010.2.10"]
[Round "1"]
[White "krzysieks"]
[Black "Canuck"]
[Result "1-0"]
[WhiteElo "2033"]
[BlackElo "1719"]

1. e4 c5 2. Nf3 e6 3. d4 cxd4 4. Nxd4 Nc6 5. Nc3 a6 6. Be3 Nge7 7. Qd2 Ng6 8.
O-O-O Bb4 9. Nb3 O-O 10. h4 Qc7 11. h5 Nge5 12. Be2 f5 13. exf5 exf5 14. a3 Be7
15. Nd5 Qd6 16. Bc5 Qb8 17. Nxe7+ Kh8 18. Ng6+ hxg6 19. hxg6+ Kg8 20. Qd5+ Nf7
21. gxf7+ Rxf7 22. Bd6 Qa7 23. Rh8+ Kxh8 24. Qxf7 Qxf2 25. Rh1+ 1-0

[Event "Challenge"]
[Site "http://www.queenalice.com/game.php?id=739571"]
[Date "2010.3.1"]
[Round "-"]
[White "Jeferson007"]
[Black "Canuck"]
[Result "0-1"]
[WhiteElo "1602"]
[BlackElo "1715"]

1. c4 c5 2. d4 cxd4 3. Qxd4 Nc6 4. Qc3 e6 5. e4 Bb4 6. Qxb4 Nxb4 7. Na3 Ne7 8.
Be2 O-O 9. Nf3 b6 10. Bf4 Ng6 11. Bd2 Nc6 12. O-O f5 13. Bg5 Qc7 14. Nb5 Qb8 15.
b3 fxe4 16. Nd2 d5 17. Bg4 a6 18. Nc3 h6 19. Be3 d4 20. Bxd4 Nxd4 21. Ncxe4 e5
22. Bh5 Nf4 23. Rfe1 Nxh5 24. a4 Bb7 25. Nc3 Nf4 26. g3 Nh3+ 27. Kf1 Rxf2# 0-1

[Event "Challenge"]
[Site "http://www.queenalice.com/game.php?id=739572"]
[Date "2010.3.1"]
[Round "-"]
[White "Canuck"]
[Black "Jeferson007"]
[Result "1-0"]
[WhiteElo "1726"]
[BlackElo "1540"]

1. d4 d5 2. c4 dxc4 3. Nf3 Nf6 4. Nc3 Nc6 5. e3 Bf5 6. a3 e6 7. Bxc4 Be7 8. O-O
Na5 9. Bd3 O-O 10. b4 Bxd3 11. Qxd3 a6 12. bxa5 Qd6 13. e4 Qd7 14. Ne5 Qd6 15.
f4 Rad8 16. Ne2 Nh5 17. Nc4 Qc6 18. e5 Bh4 19. g3 Be7 20. Nc3 f5 21. Bd2 h6 22.
a4 Bb4 23. Rab1 Bxc3 24. Bxc3 Qxa4 25. Rxb7 Qa2 26. Rxc7 Qa4 27. Ra1 Qb5 28. Qe2
Qe8 29. Nb6 Kh7 30. Qxa6 Rg8 31. Qe2 Rb8 32. Nc4 Qd8 33. Ra7 Re8 34. Qxh5 Rb3
35. Qf3 Kg6 36. a6 Qb8 37. Rb7 Qa8 38. Nd6 Rd8 39. Qc6 h5 40. Ba5 Rf8 41. Qd7
Rd3 42. Qxg7# 1-0

[Event "AUTO-OPEN-1917"]
[Site "http://www.queenalice.com/game.php?id=748199"]
[Date "2010.3.19"]
[Round "1"]
[White "boogaloo"]
[Black "Canuck"]
[Result "1-0"]
[WhiteElo "1548"]
[BlackElo "1740"]

1. d4 Nf6 2. c4 g6 3. Nc3 d5 4. Nf3 Bg7 5. Bg5 Ne4 6. e3 Nxg5 7. Nxg5 h6 8. Nf3
dxc4 9. Bxc4 e6 10. O-O O-O 11. Rc1 Nd7 12. Rc2 Nb6 13. Be2 Re8 14. Qc1 c6 15.
b3 Nd5 16. Rd1 Nxc3 17. Rxc3 Qb6 18. Bc4 Bd7 19. Rd2 Rad8 20. Qd1 Qb4 21. Rcc2
b5 22. Be2 a5 23. Qc1 e5 24. Rc5 e4 25. Ne1 a4 26. Nc2 Qa5 27. b4 Qa8 28. a3 f5
29. Qd1 Bf8 30. Re5 Rxe5 31. dxe5 Bg7 32. e6 Bf6 33. Rxd7 Qc8 34. Rxd8+ Bxd8 35.
Qd7 Qxd7 36. exd7 Kf8 37. Nd4 Ke7 38. Nxc6+ Kxd7 39. Nxd8 Kxd8 40. Bxb5 1-0

[Event "AUTO-OPEN-1917"]
[Site "http://www.queenalice.com/game.php?id=748200"]
[Date "2010.3.19"]
[Round "1"]
[White "Canuck"]
[Black "boogaloo"]
[Result "0-1"]
[WhiteElo "1740"]
[BlackElo "1596"]

1. d4 d5 2. c4 Nc6 3. Nf3 Bg4 4. Qa4 Bxf3 5. exf3 e6 6. Nc3 Nf6 7. cxd5 exd5 8.
Bb5 Bd6 9. O-O Kd7 10. Bxc6+ bxc6 11. Bg5 h6 12. Bxf6 gxf6 13. Nxd5 f5 14. Rac1
Ke8 15. Rxc6 Kf8 16. Re1 Rg8 17. Ne3 Qg5 18. g3 f4 19. Ng2 fxg3 20. fxg3 Kg7 21.
d5 Qxd5 22. Ne3 Qxf3 23. Qg4+ Qxg4 24. Nxg4 Rae8 25. Ne3 Kh7 26. Kf2 Rg5 27.
Rcc1 Bc5 28. Rc3 Rf5+ 29. Kg2 Rfe5 30. Kf3 Bd4 31. Rb3 c5 32. Re2 Kg6 33. Rd3 a5
34. a3 a4 35. b3 axb3 36. Rxb3 c4 37. Rb4 Rxe3+ 38. Rxe3 Rxe3+ 39. Kf4 Rxa3 40.
Rxc4 Bg1 41. h4 Bh2 42. Rc6+ Kg7 43. Kf5 Bxg3 44. Rg6+ fxg6+ 0-1

[Event "AUTO-OPEN-1917"]
[Site "http://www.queenalice.com/game.php?id=748219"]
[Date "2010.3.19"]
[Round "1"]
[White "Givanildo"]
[Black "Canuck"]
[Result "0-1"]
[WhiteElo "1463"]
[BlackElo "1718"]

1. e3 c5 2. Bc4 e6 3. d3 Nc6 4. c3 Nf6 5. h3 d6 6. e4 Be7 7. g4 a6 8. g5 Nd7 9.
Qh5 g6 10. Qh6 Nde5 11. Qg7 Kd7 12. f4 Nxc4 13. dxc4 f6 14. gxf6 Qf8 15. Qxf8
Bxf8 16. Nf3 Ke8 17. Ng5 h6 18. f7+ Ke7 19. f5 hxg5 20. fxg6 Kf6 21. h4 Rxh4 22.
g7 Bxg7 23. Rf1+ Kg6 24. f8=Q Bxf8 25. Rxf8 Rh1+ 26. Rf1 Rxf1+ 27. Kxf1 e5 28.
Be3 Bg4 29. Nd2 Rh8 30. Kf2 Nd8 31. Rg1 Rh4 32. Kg3 Nf7 33. Kf2 Be6 34. Nf3 Rh5
35. b3 g4 36. b4 b6 37. a3 Rh3 38. Ne1 Kh5 39. Rg3 Rh2+ 40. Ng2 Bxc4 41. Kg1 Rh3
42. Rxh3+ gxh3 43. Ne1 Ng5 44. Kh2 Kg4 45. Bxg5 Kxg5 46. Kxh3 Bd3 47. Nxd3 c4
48. Nb2 b5 49. Nd1 Kf4 50. Nf2 Ke3 51. Kg3 Kd2 52. Kf3 Kxc3 53. Ke3 Kc2 54. Ke2
Kb3 55. Kd2 Kxa3 56. Kc3 Ka4 57. Ng4 a5 58. bxa5 Kxa5 59. Ne3 Ka4 60. Nd5 Ka3
61. Nb4 Ka4 62. Nd5 Ka3 63. Nc7 b4+ 64. Kd2 b3 65. Nb5+ Kb2 66. Nxd6 c3+ 67. Kd3
c2 68. Nc4+ Ka1 69. Kd2 b2 70. Kxc2 b1=Q+ 71. Kc3 Qxe4 72. Kb3 Qe2 73. Kb4 Ka2
74. Kc3 e4 75. Nd2 Qd3+ 76. Kb4 Qxd2+ 77. Ka4 Kb2 0-1

[Event "AUTO-OPEN-1917"]
[Site "http://www.queenalice.com/game.php?id=748220"]
[Date "2010.3.19"]
[Round "1"]
[White "Canuck"]
[Black "Givanildo"]
[Result "1-0"]
[WhiteElo "1738"]
[BlackElo "1375"]

1. e4 e5 2. Nf3 f6 3. Bc4 d5 4. Bxd5 Ne7 5. Nc3 c6 6. Bb3 g6 7. O-O g5 8. d3 b5
9. Bxg5 Bg7 10. Bh4 Bg4 11. h3 Bxf3 12. Qxf3 b4 13. Na4 Na6 14. Qg4 Rg8 15. Bxg8
Nxg8 16. Qxg7 Ne7 17. Bxf6 Kd7 18. Bxe5 Kc8 19. d4 c5 20. Nxc5 Nxc5 21. dxc5 a5
22. Rad1 Qe8 23. Qg4+ Kb7 24. Rd7+ Ka6 25. Qe6+ Kb5 26. Rb7+ Kxc5 27. Qd6+ Kc4
28. b3# 1-0

[Event "AUTO-OPEN-1917"]
[Site "http://www.queenalice.com/game.php?id=748231"]
[Date "2010.3.19"]
[Round "1"]
[White "Canuck"]
[Black "ButchCassidy"]
[Result "1-0"]
[WhiteElo "1728"]
[BlackElo "1586"]

1. d4 d5 2. c4 Nf6 3. cxd5 Nxd5 4. Nf3 e6 5. a3 h6 6. Nc3 Be7 7. e4 Nb6 8. Bd3
O-O 9. O-O Nc6 10. Be3 f5 11. Ne2 fxe4 12. Bxe4 Bf6 13. Bxc6 bxc6 14. Rc1 Bb7
15. Nf4 Na4 16. Qxa4 Qd7 17. Ng6 Rf7 18. Nfe5 Bxe5 19. Nxe5 1-0

[Event "AUTO-OPEN-1917"]
[Site "http://www.queenalice.com/game.php?id=748232"]
[Date "2010.3.19"]
[Round "1"]
[White "ButchCassidy"]
[Black "Canuck"]
[Result "0-1"]
[WhiteElo "1563"]
[BlackElo "1711"]

1. e4 c5 2. Bc4 e6 3. Nf3 Nc6 4. O-O Nge7 5. d3 Ng6 6. Bg5 Be7 7. Bxe7 Ngxe7 8.
Ng5 h6 9. Nh3 Ng6 10. Nd2 O-O 11. f4 d6 12. a4 f5 13. Qh5 Nge7 14. Nf3 Qe8 15.
Qh4 Na5 16. Bb5 Bd7 17. Bxd7 Qxd7 18. b3 Nec6 19. Qh5 Nb4 20. Rf2 b5 21. exf5
Rxf5 22. Qg6 a6 23. g4 Rff8 24. f5 exf5 25. gxf5 Rxf5 26. Raf1 Rf6 27. Qh5 Raf8
28. Rg2 Nac6 29. Rff2 Nd5 30. Rg3 Nf4 31. Nxf4 Rxf4 32. Qxh6 Rg4 33. Rxg4 Qxg4+
34. Rg2 Qd7 35. Nh4 Ne5 36. Qg5 Qf7 37. h3 Kh7 38. Qe3 Qf6 39. Qe4+ Kh8 40. Ng6+
Nxg6 41. Rxg6 Qf2+ 42. Kh1 Qxc2 43. Qe7 Qd1+ 44. Kg2 Qf1+ 45. Kg3 Rf3+ 46. Kh4
Qxh3+ 47. Kg5 Rg3+ 0-1

[Event "Challenge"]
[Site "http://www.queenalice.com/game.php?id=759486"]
[Date "2010.4.11"]
[Round "-"]
[White "Canuck"]
[Black "jadetiger7"]
[Result "1-0"]
[WhiteElo "1721"]
[BlackElo "1779"]

1. d4 d5 2. c4 Nc6 3. Nf3 g6 4. Nc3 dxc4 5. e4 Bg7 6. Be3 e5 7. d5 Nd4 8. Bxc4
c5 9. O-O Bg4 10. Bxd4 exd4 11. Na4 b6 12. Qd3 Qd7 13. Bb5 Qxb5 14. Qxb5+ Bd7
15. Qb3 Nf6 16. Nc3 O-O 17. Ne2 Nxe4 18. Qd3 Bf5 19. Qb3 Bh6 20. Rad1 Rfd8 21.
Ne5 Rac8 22. Nc6 Rd7 23. g3 Nf6 24. f4 Nxd5 25. Ne5 Rd6 26. Rc1 Bg7 27. Nd3 Re8
28. Kf2 Re3 29. Rfd1 Nb4 30. Qa3 Nxd3+ 31. Rxd3 Bxd3 32. Ng1 a6 33. b4 c4 34. b5
Rd5 35. Qxa6 c3 36. Qa8+ 1-0

[Event "Challenge"]
[Site "http://www.queenalice.com/game.php?id=759487"]
[Date "2010.4.11"]
[Round "-"]
[White "jadetiger7"]
[Black "Canuck"]
[Result "1-0"]
[WhiteElo "1803"]
[BlackElo "1724"]

1. e4 c5 2. c4 Nc6 3. Nf3 e6 4. Be2 Nh6 5. O-O Be7 6. d4 cxd4 7. Nxd4 O-O 8.
Bxh6 Bf6 9. Be3 e5 10. Nf5 Ne7 11. Nc3 a6 12. Nd5 d6 13. Bh5 Nxf5 14. exf5 Bxf5
15. Qd2 Be4 16. Nxf6+ Qxf6 17. Bg5 Qf5 18. f3 Bc6 19. Bg4 Qg6 20. Rf2 f6 21.
Be6+ Kh8 22. Be3 Rfe8 23. Qxd6 Rad8 24. Qc7 Rd3 25. Bf7 Qf5 26. Bxe8 Bxe8 27.
Qe7 1-0

[Event "AUTO-OPEN-1917"]
[Site "http://www.queenalice.com/game.php?id=806472"]
[Date "2010.7.21"]
[Round "2"]
[White "Jodaia"]
[Black "Canuck"]
[Result "0-1"]
[WhiteElo "1770"]
[BlackElo "1739"]

1. d4 Nf6 2. Nc3 c5 3. dxc5 e6 4. b4 Nc6 5. a3 a5 6. b5 Ne5 7. Na4 Nd5 8. e4 Nf6
9. f4 Ng6 10. e5 Ne4 11. Bd3 Qh4+ 12. Ke2 Qf2# 0-1

[Event "AUTO-OPEN-1917"]
[Site "http://www.queenalice.com/game.php?id=806473"]
[Date "2010.7.21"]
[Round "2"]
[White "Canuck"]
[Black "Jodaia"]
[Result "0-1"]
[WhiteElo "1737"]
[BlackElo "1831"]

1. d4 e6 2. c4 Nf6 3. Nc3 Bb4 4. Nf3 Bxc3+ 5. bxc3 O-O 6. Bg5 Nc6 7. e4 h6 8.
Bxf6 Qxf6 9. e5 Qe7 10. a4 b6 11. Bd3 Ba6 12. O-O d5 13. cxd5 Bxd3 14. Qxd3 exd5
15. Rfe1 Qe6 16. Nd2 f6 17. c4 Nb4 18. Qb3 a5 19. f4 Qf5 20. g3 Nc2 21. cxd5
Nxa1 22. Rxa1 Rad8 23. d6+ Kh8 24. dxc7 Rxd4 25. Qa3 Rc8 26. Qc3 Rd3 27. Qc1 Qd7
28. Ne4 Rxc7 29. Qb1 Qd4+ 30. Nf2 Rf3 31. Ra2 Rc4 32. e6 Qc5 33. Kg2 Rb4 34. Qg6
Re3 35. Qe8+ Kh7 36. Rd2 Rd4 37. Rxd4 Qxd4 38. Kh3 f5 39. Qf7 Qf6 40. Qxf6 gxf6
41. Kh4 Rxe6 0-1

[Event "AUTO-OPEN-1917"]
[Site "http://www.queenalice.com/game.php?id=806476"]
[Date "2010.7.21"]
[Round "2"]
[White "animis"]
[Black "Canuck"]
[Result "1-0"]
[WhiteElo "1921"]
[BlackElo "1746"]

1. d4 Nf6 2. c4 g6 3. Nf3 c5 4. e3 e6 5. Nc3 cxd4 6. Nxd4 Nc6 7. Nf3 a6 8. Bd3
Bg7 9. O-O O-O 10. Qe2 d5 11. Rd1 Ng4 12. h3 Nge5 13. cxd5 exd5 14. Bc2 f5 15.
Rxd5 Qc7 16. Rc5 b6 17. Rd5 Be6 18. Rd1 Nxf3+ 19. Qxf3 Bxc3 20. bxc3 Ne7 21. Ba3
Rfc8 22. e4 f4 23. Bd6 Qxc3 24. Bd3 Nc6 25. Rac1 Qf6 26. Bxf4 g5 27. Bg3 Qxf3
28. gxf3 Bxh3 29. Kh2 Be6 30. Bb1 b5 31. Rd6 Nd4 32. Rxc8+ Bxc8 33. Rxd4 h5 34.
Rd8+ Kf7 35. a3 Ke7 36. Bc7 Bb7 37. Rd4 Rc8 38. Bd6+ Ke8 39. Ba2 Rc2 40. Be6
Rxf2+ 41. Kg3 Re2 42. Rd3 a5 43. Bc5 Rc2 44. Bb6 a4 45. Ba5 Bc6 46. Bb4 Rc1 47.
Rd2 h4+ 48. Kh2 Rb1 49. Rg2 Bd7 50. Ba2 Rd1 51. Rxg5 Rf1 52. Rg8# 1-0

[Event "AUTO-OPEN-1917"]
[Site "http://www.queenalice.com/game.php?id=806477"]
[Date "2010.7.21"]
[Round "2"]
[White "Canuck"]
[Black "animis"]
[Result "0-1"]
[WhiteElo "1756"]
[BlackElo "1913"]

1. d4 d5 2. c4 Nf6 3. cxd5 Nxd5 4. Nf3 e6 5. Nc3 c5 6. e4 cxd4 7. Nxd4 Nf6 8.
Bg5 Be7 9. Bd3 Qa5 10. O-O Qxg5 11. Bb5+ Bd7 12. f4 Qh4 13. Qd3 O-O 14. h3 Bc5
15. Bxd7 Nfxd7 16. Ne2 Nc6 17. Kh2 Nf6 18. g3 Qh6 19. Kg2 Rad8 20. e5 Ne8 21.
Qe4 Nxd4 22. Nxd4 Rxd4 23. Qxb7 Rd2+ 24. Kf3 Qxh3 25. Qb5 Qg2+ 26. Kg4 f5+ 27.
exf6 Nxf6+ 28. Kg5 Qxg3# 0-1

[Event "Challenge"]
[Site "http://www.queenalice.com/game.php?id=835894"]
[Date "2010.9.21"]
[Round "-"]
[White "ORNELAS"]
[Black "Canuck"]
[Result "0-1"]
[WhiteElo "1647"]
[BlackElo "1725"]

1. b3 Nf6 2. Bb2 e6 3. Nf3 Be7 4. d4 O-O 5. c3 d5 6. Nbd2 c5 7. e3 Nc6 8. Ba3
cxd4 9. Bxe7 Nxe7 10. cxd4 Bd7 11. Ne5 Nc6 12. Nxd7 Qxd7 13. g3 a6 14. Bg2 b5
15. O-O Rac8 16. Rc1 a5 17. a3 Na7 18. Nf3 Ne4 19. Ne5 Qd6 20. Rxc8 Rxc8 21. Qh5
g6 22. Nxg6 hxg6 23. Qe2 Qxa3 24. Qg4 Nd2 25. Rd1 Rc1 26. h4 Nxb3 27. Bf1 Kg7
28. h5 Rxd1 29. hxg6 Qc1 30. gxf7+ Kxf7 31. Qh5+ Kf8 32. Qh8+ Kf7 33. Qh7+ Kf6
34. Qh8+ Kg6 35. Qg8+ Kf5 36. Qf7+ Kg5 37. Qg7+ Kf5 38. Qf7+ Kg5 39. Qg7+ Kf5
40. Qf7+ Kg5 41. Qf4+ Kg6 42. Qg4+ Kf7 43. Qf4+ Ke7 44. Qc7+ Kf6 45. Qf4+ Ke7
46. Qc7+ Qxc7 47. Kg2 Kf6 48. Be2 Rc1 49. Bg4 Qh7 50. Bh3 Nd2 51. f3 Rf1 52. g4
Rxf3 53. g5+ Ke7 54. Bg4 Rxe3 55. Kf2 Re4 56. Kg3 Rxg4+ 57. Kxg4 Nc6 58. Kg3
Nxd4 59. Kg4 Ne2 60. g6 Qxg6+ 61. Kh4 Nf3+ 62. Kh3 Qg3# 0-1